| 000 | 00704nam a2200193 i 4500 | ||
|---|---|---|---|
| 001 | 189235 | ||
| 003 | ES-MaACL | ||
| 005 | 20240104180753.0 | ||
| 008 | 190429s1999 cl |||| | spa d | ||
| 100 | 1 |
_aCorrea Vives, Nilda. _9166921 |
|
| 245 | 1 | 0 |
_aPiel, pétalos, acero, sonetos y miel / _cNilda Correa Vives. |
| 260 |
_a[Santiago de Chile : _bAlfonso Combeau P., _c1999] |
||
| 300 |
_a87 h. ; _c21 cm. |
||
| 597 | _aHojas imp. por una sola cara. | ||
| 852 |
_aES-MaACL _jA-14524 _9196373 _bR.151932 _cDEPO1 _dOlim: N-7524 _gDedicatoria autógrafa de la autora _hDonación: Nilda Correa Vives |
||
| 903 |
_aDonación: Nilda Correa Vives _ednr |
||
| 942 |
_2udc _cMONOGRAFIA |
||
| 999 |
_c189235 _d189235 |
||